[Event "III Copa Marcel Duchamp 2019"]
[Site "Montevideo"]
[Date "2019.02.09"]
[Round "1.12"]
[White "Areco, Antonio"]
[Black "Diaz Hollemaert, Nahuel"]
[Result "0-1"]
[WhiteElo "1750"]
[BlackElo "2426"]
[Annotator "TA"]
[PlyCount "46"]
[EventDate "2019.02.09"]
[EventType "swiss"]
[EventCountry "URU"]
[SourceTitle "playchess.com"]
[Source "ChessBase"]
[SourceQuality "1"]

{[%evp 16,46,22,10,13,0,0,0,29,-50,40,45,42,51,61,69,80,66,80,36,55,-20,-18,-15,-16,-18,-19,-87,49,-427,-116,-575,-566]} 1. c4 Nf6 2. Nc3 g6 3. g3 Bg7 4. Bg2 O-O 5. Nf3 d6 6. d4 c6 7. O-O a6 8. a4 a5 9. e4 Na6 {E62: King's Indian: Fianchetto: 6...c6 and Panno Variation (6...Nc6) without ...a6} 10. Ne1 $146 ({Predecessor:} 10. h3 Nb4 11. Re1 Nd7 12. Be3 e5 13. Qe2 Re8 14. Rad1 Qe7 15. b3 exd4 16. Bxd4 Ne5 17. Rd2 Be6 18. Red1 {1-0 (43) Bu,X (2705)-Onischuk,V (2601) Doha 2016}) 10... Qb6 11. Nc2 e5 {The position is equal.} 12. Rb1 (12. c5 $11 dxc5 13. dxe5) 12... Ng4 (12... exd4 $15 13. Qxd4 Nc5) 13. d5 $1 $14 Nb4 14. h3 Nf6 15. Be3 c5 16. Na3 Ne8 17. Nab5 f5 18. Kh2 (18. exf5 $14 Bxf5 19. Ne4) 18... f4 $11 19. Bd2 Qd8 20. Bf3 Nf6 21. gxf4 (21. Qe2 $11 {keeps the balance.}) 21... Nd3 ({Better is} 21... exf4 $17 22. b3 Nd3) 22. fxe5 $2 {[%mdl 8192]} (22. f5 $1 $14 {keeps the upper hand.}) 22... Nxe5 $2 (22... Nh5 $19 {is more deadly.} 23. e6 (23. exd6 $2 Qh4 $19 {[%mdl 64] Double Attack}) 23... Qh4) 23. Be2 $2 {[%mdl 8192] [#]} (23. Bg2 $17 Nh5 24. f4 Nxc4 25. Ne2) 23... Nfg4+ $1 {[%mdl 512] Accuracy: White = 32%, Black = 46%.} 0-1

[Event "III Copa Marcel Duchamp 2019"]
[Site "Montevideo"]
[Date "2019.02.09"]
[Round "1.13"]
[White "Gemy, Jose Daniel"]
[Black "Martinez, Carlos Alejandro"]
[Result "1-0"]
[WhiteElo "2391"]
[BlackElo "2503"]
[Annotator "TA"]
[PlyCount "83"]
[EventDate "2019.02.09"]
[EventType "swiss"]
[EventCountry "URU"]
[SourceTitle "playchess.com"]
[Source "ChessBase"]
[SourceQuality "1"]

{[%evp 14,83,24,31,38,16,33,33,41,31,43,45,51,31,202,199,191,188,166,172,195,162,162,173,193,195,217,212,218,206,217,188,185,202,202,186,184,184,204,199,254,226,285,257,624,622,773,758,743,768,765,749,759,765,750,728,809,766,759,754,694,539,1347,1314,29983,2758,29987,29988,29996,29992,29997,29998]} 1. e4 e6 2. d4 d5 3. Nd2 Nf6 4. e5 Nfd7 5. f4 c5 6. c3 Nc6 7. Ndf3 cxd4 8. cxd4 Qa5+ {C05: French Tarrasch: 3...Nf6 4 e5 Nfd7, 5 f4 and 5 Bd3 sidelines} (8... a5 9. a3 a4 10. Bd3 Nb6 11. Ne2 Be7 12. h4 Bd7 13. h5 Nc4 14. Nc3 b5 15. f5 exf5 16. h6 g6 17. Nxd5 {½-½ (35) Hou,Y (2661)-Harika,D (2521) Sharjah 2014}) 9. Kf2 Be7 10. g3 O-O {White is slightly better.} 11. Bd3 f6 12. Kg2 Qd8 $146 ({Predecessor:} 12... Qb6 13. Ne2 fxe5 14. fxe5 Ndxe5 15. dxe5 Nxe5 16. Rf1 Nxf3 17. Rxf3 Rxf3 18. Kxf3 e5 19. Bc2 Be6 20. Kg2 Rf8 21. Qe1 {0-1 (29) Ladner,K (2005)-Abhyankar,A (2130) Adelaide 1988}) 13. Ne2 b6 $2 ({Black should play} 13... f5 $14) 14. Qc2 $18 Nb4 15. Bxh7+ Kh8 16. Qg6 {[#] Intending Qh5 and mate.} Qe8 17. a3 Qxg6 18. Bxg6 Nc6 {[%cal Bb4c6,Bc6a5,Ba5b3][%mdl 32]} 19. Bd3 Na5 20. Nh4 Kg8 21. Ng6 Re8 22. Nxe7+ Rxe7 23. Bd2 Nb3 24. Bb4 Nxa1 25. Bxe7 Nb3 26. h4 f5 (26... Bb7 {was called for.} 27. Bb5 Kf7) 27. g4 Kf7 28. Bd6 (28. gxf5 Kxe7 29. fxe6 Kxe6 $16) 28... g6 $2 (28... Nb8 29. gxf5 exf5) 29. h5 Bb7 30. hxg6+ Kxg6 31. Kf2 Nd2 32. gxf5+ exf5 33. Rg1+ Kf7 34. Bxf5 Ne4+ 35. Ke3 Nxd6 36. Bxd7 ({Not} 36. exd6 Nf6 $18) 36... Nc4+ 37. Kf3 Nxb2 38. f5 {[#] Black must now prevent Be6+.} Nc4 39. f6 (39. Be6+ $142 Ke8 40. Rg8+ Ke7 41. Rg7+ Kd8 42. Rxb7 Ke8 43. f6 Nd2+ 44. Kf4) 39... Nd2+ 40. Kf4 {White mates.} Ne4 41. Rg7+ Kf8 42. Be6 {Accuracy: White = 66%, Black = 28%.} 1-0

[Event "III Copa Marcel Duchamp 2019"]
[Site "Montevideo"]
[Date "2019.02.09"]
[Round "1.14"]
[White "Chamlian, Aram"]
[Black "Lujan, Carolina"]
[Result "0-1"]
[WhiteElo "1739"]
[BlackElo "2357"]
[Annotator "TA"]
[PlyCount "64"]
[EventDate "2019.02.09"]
[EventType "swiss"]
[EventCountry "URU"]
[SourceTitle "playchess.com"]
[Source "ChessBase"]
[SourceQuality "1"]

{[%evp 13,64,7,10,10,0,-25,-17,-15,-14,-29,-18,-28,-20,-13,0,-5,-1,-61,-51,-230,-231,-231,-85,-72,-78,-72,-78,-68,-38,-141,-139,-208,-205,-189,-114,-341,0,-231,-220,-354,-168,-552,-528,-682,-701,-706,-695,-729,-597,-586,-579,-29992,-6608]} 1. e4 c5 2. Nc3 Nc6 3. g3 g6 4. Bg2 Bg7 5. d3 d6 6. f4 e5 7. Nf3 Nge7 8. Be3 {B25: Closed Sicilian: 3 g3, lines without early Be3} (8. O-O O-O 9. Be3 Nd4 10. Qd2 Bg4 11. Nh4 Be6 12. Rf2 exf4 13. Bxf4 Ndc6 14. Nf3 Ne5 15. h3 Qd7 16. Kh2 Nxf3+ 17. Rxf3 d5 18. Bh6 d4 19. Ne2 {½-½ (51) Gazik,V (2486)-Abdusattorov,N (2558) Porto Carras 2018}) 8... Nd4 9. Rb1 O-O 10. O-O {The position is equal.} Bg4 11. Ne2 (11. Qd2 {keeps more tension.} Qd7 12. Nh4 exf4 13. Bxf4 f6 14. Be3) 11... Rc8 $146 ({Predecessor:} 11... Qa5 12. Nc1 Qa4 13. b3 Qd7 14. Qd2 Nxf3+ 15. Bxf3 Bxf3 16. Rxf3 d5 17. fxe5 Bxe5 {0-1 (36) Berning,B (2209)-Sopur,L (2386) Germany 2005}) 12. c3 Nxf3+ 13. Bxf3 Be6 14. g4 f5 15. h3 ({White should play} 15. gxf5 $11 gxf5 16. Qd2) 15... Qd7 $15 {[%cal Rf5g4]} 16. Ng3 $2 ({White should try} 16. exf5 $15 gxf5 17. g5) 16... fxg4 $1 $19 ({Inferior is} 16... Bxa2 17. Ra1 $15) 17. Bxg4 exf4 (17... Bh6 $1 $19 {[%cal Re5f4] and Black stays clearly on top.} 18. Bxe6+ Qxe6 {[%mdl 64] Double Attack}) 18. Bxf4 $17 h5 19. Bxe6+ Qxe6 {[%mdl 64] Double Attack} 20. Qd2 h4 21. Ne2 ({Better is} 21. Nh1 $1 $15) 21... Qxh3 22. Bxd6 {[#]} (22. Qe3 $17 Qe6 23. Bg5) 22... Qg4+ $1 $19 23. Kh2 {[#]} Rcd8 (23... Nc6 $1 $19 24. Ng1 Be5+ 25. Bxe5 Nxe5) 24. Rf4 $2 (24. Rxf8+ $17 {was the only defense.} Rxf8 25. Ng1) 24... Qe6 $2 (24... Rxf4 $19 25. Bxf4 Nc6) 25. Bxe7 $2 (25. Bxc5 $11 {and White is okay.} Be5 26. Rg1) 25... Qxe7 $40 {[%mdl 128] Black is out for blood.} 26. Rg4 (26. Rg1 {was called for.} Qd6 27. Kh1) 26... Qe5+ (26... Rf2+ $142 27. Kh1 Qe5 28. Rxh4 Bf6) 27. Nf4 $2 (27. Kg1 {is more resistant.}) 27... g5 28. Rbg1 Rxf4 29. Rxf4 gxf4 30. Kh3 c4 31. d4 Qxe4 32. Kxh4 Qh7+ {Accuracy: White = 24%, Black = 54%.} (32... Kf7 $142 33. Rxg7+ Kxg7 34. d5 Qf5 35. Qd4+ Kg6 36. Qg1+ Kf7 37. Qd4 Rg8 38. Qg7+ Rxg7 39. d6 Rh7#) 0-1

[Event "III Copa Marcel Duchamp 2019"]
[Site "Montevideo"]
[Date "2019.02.09"]
[Round "1.15"]
[White "De Dovitiis, Alejo"]
[Black "Reolon, Victor"]
[Result "1-0"]
[WhiteElo "2353"]
[BlackElo "1714"]
[Annotator "TA"]
[PlyCount "81"]
[EventDate "2019.02.09"]
[EventType "swiss"]
[EventCountry "URU"]
[SourceTitle "playchess.com"]
[Source "ChessBase"]
[SourceQuality "1"]

{[%evp 9,81,16,43,33,139,131,157,143,134,136,140,129,133,133,143,139,107,89,89,81,88,77,76,79,86,82,89,87,78,48,135,142,135,141,177,181,174,178,174,173,206,183,191,182,221,185,183,175,200,164,238,225,230,240,231,230,272,229,267,253,382,370,346,167,174,170,455,468,456,448,428,414,5206,5177]} 1. Nf3 d5 2. b3 Nf6 3. Bb2 c5 4. e3 Bg4 5. Bb5+ (5. h3 Bh5 6. Bb5+ Nfd7 7. O-O Nc6 8. Be2 e6 9. d4 Be7 10. dxc5 Nxc5 11. Nd4 Bxe2 12. Qxe2 O-O 13. Nxc6 bxc6 {½-½ (48) Nakamura,H (2786)-Short,N (2683) London 2013}) 5... Nbd7 6. h3 {A06: Réti Opening:1 Nf3 d5} Bh5 (6... Bxf3 $14 7. Qxf3 e6) 7. g4 $1 $16 {[%cal Rg4h5]} Bg6 8. g5 $1 {White is clearly better.} Ne4 9. Ne5 Bf5 10. Qf3 Nd6 11. Qxd5 e6 12. Bxd7+ $146 ({Predecessor:} 12. Qxc5 Nxb5 13. Qxb5 Bxc2 14. Qxb7 Nxe5 15. Bxe5 {1-0 (29) Bij de Vaate,J-Bartels,H Oostvoorne 1972}) 12... Qxd7 13. Nxd7 (13. Qxc5 {with more complications.} Qc8 14. Qd4 Qxc2 15. f3 f6 16. gxf6 gxf6 17. Ng4) 13... exd5 14. Nxf8 $40 {[%mdl 128] White wants a kill.} Kxf8 15. d3 h6 16. gxh6 Rxh6 17. Ba3 b6 18. Nc3 Rd8 19. d4 cxd4 {[#]} ({Black should play} 19... Ne4 $14 20. Nxe4 Bxe4) 20. Nb5 $1 dxe3 21. fxe3 ({Much less strong is} 21. Bxd6+ Rdxd6 22. Nxd6 exf2+ 23. Kxf2 Rxd6 $14) 21... Ke8 22. Nxd6+ Rdxd6 23. Bxd6 Rxd6 $18 {[%mdl 4096] Endgame KRR-KRB} 24. O-O-O b5 25. Rd4 Be4 26. Rg1 g6 27. Kd2 Rf6 28. Ke2 Rc6 29. Rc1 a5 (29... g5 $142 30. a4 a6) 30. c4 f5 31. Kd2 dxc4 32. bxc4 b4 33. c5 Ke7 {[#]} 34. h4 $1 Rc8 (34... Bf3 {might work better.} 35. a3 bxa3) 35. Rd6 Rh8 36. Rxg6 (36. Rg1 $142) 36... Rxh4 37. Re1 f4 $2 (37... Rh2+ {was necessary.} 38. Re2 Rh1) 38. exf4 {[%mdl 64] Discovered Attack} Rh2+ 39. Kc1 Kf7 40. Ra6 ({Weaker is} 40. Rxe4 Kxg6 41. c6 Kf6 $18) 40... a4 (40... Rc2+ $142 41. Kd1 Rc4) 41. Rxe4 {Accuracy: White = 70%, Black = 40%.} 1-0

[Event "III Copa Marcel Duchamp 2019"]
[Site "Montevideo"]
[Date "2019.02.09"]
[Round "1.16"]
[White "Vinella, Marcelo"]
[Black "Lopez Azambuja, Nicolas"]
[Result "0-1"]
[WhiteElo "1698"]
[BlackElo "2320"]
[Annotator "TA"]
[PlyCount "58"]
[EventDate "2019.02.09"]
[EventType "swiss"]
[EventCountry "URU"]
[SourceTitle "playchess.com"]
[Source "ChessBase"]
[SourceQuality "1"]

{[%evp 15,58,11,11,3,11,10,34,25,73,42,47,18,14,0,0,-55,-38,-73,-65,-75,-87,-90,-50,-70,-43,-129,-129,-135,-128,-126,-74,-97,-76,-123,-82,-111,-46,-123,-100,-176,-168,-354,-183,-441,-427]} 1. d4 Nf6 2. Nf3 e6 3. e3 d5 4. Bd3 Bd6 5. Nbd2 c5 6. c3 O-O 7. O-O Nc6 8. dxc5 Bxc5 9. b4 {D05: Colle System with ...e6} Bd6 10. a3 (10. Bb2 e5 11. e4 Bg4 12. Re1 Bc7 13. h3 Bh5 14. exd5 Qxd5 15. Ne4 Nxe4 16. Bxe4 Qxd1 17. Raxd1 f6 18. Rd7 {0-1 (42) Artemiev,V (2695)-Ponkratov,P (2603) Sochi 2017}) 10... e5 {[#] White must now prevent ...e4.} 11. e4 {White is slightly better.} Re8 $146 ({Predecessor:} 11... Ne7 12. Re1 Bg4 13. exd5 Nexd5 14. c4 Nf4 {0-1 (39) Stripunsky,A (2538)-Pedersen,C (2405) Philadelphia 2018}) 12. Re1 Bc7 13. Bb2 Bg4 14. Qc2 dxe4 15. Bxe4 (15. Nxe4 $11 Bxf3 16. gxf3) 15... Nxe4 $15 16. Qxe4 f5 17. Qc4+ Kh8 18. h3 Bh5 {Hoping for ...e4.} 19. Qh4 $1 {[%cal Rh4h5]} Bf7 20. Qxd8 (20. Rad1 $15) 20... Raxd8 $17 21. Nf1 e4 $36 {[%mdl 2048] Black is really pushing.} 22. Nd4 Nxd4 (22... f4 $142 23. Rac1 a5) 23. cxd4 Bb6 24. Rad1 Bb3 25. Rd2 a5 (25... Kg8 $17 26. g3 g5) 26. Ng3 ({Better is} 26. g3 $15) 26... g6 27. d5+ (27. Nf1 $17) 27... Kg8 $19 28. d6 $2 (28. Nf1 {is a better defense.}) 28... Kf7 (28... e3 $142 29. Rd4 axb4 30. axb4 exf2+ 31. Kxf2 Bxd4+ 32. Bxd4 Rxe1 33. Kxe1 Rxd6) 29. Ne2 $2 {[#]} (29. Nf1) 29... Bxf2+ $1 {[%mdl 512] Accuracy: White = 25%, Black = 46%.} 0-1

[Event "III Copa Marcel Duchamp 2019"]
[Site "Montevideo"]
[Date "2019.02.09"]
[Round "1.17"]
[White "Mussanti, Diego"]
[Black "Lanaro, Emilio"]
[Result "1-0"]
[WhiteElo "2305"]
[BlackElo "1696"]
[Annotator "TA"]
[PlyCount "28"]
[EventDate "2019.02.09"]
[EventType "swiss"]
[EventCountry "URU"]
[SourceTitle "playchess.com"]
[Source "ChessBase"]
[SourceQuality "1"]

{[%evp 2,2,35]} 1. e4 e5 {Predecessor:} 2. Nf3 $146 Nc6 3. Bb5 a6 4. Ba4 Nf6 5. Nc3 Bc5 6. Bxc6 dxc6 7. d3 Qd6 8. h3 Be6 9. Be3 Nd7 10. Bxc5 Nxc5 11. Qd2 Nd7 12. d4 exd4 13. Nxd4 c5 14. Nxe6 fxe6 {1-0 (76) Carlsen,M (2835)-Anand,V (2773) Wijk aan Zee 2019} 1-0

[Event "III Copa Marcel Duchamp 2019"]
[Site "Montevideo"]
[Date "2019.02.09"]
[Round "1.18"]
[White "Aguerre, Valentin"]
[Black "Scarella, Enrique Alejandro"]
[Result "0-1"]
[WhiteElo "1694"]
[BlackElo "2304"]
[Annotator "TA"]
[PlyCount "36"]
[EventDate "2019.02.09"]
[EventType "swiss"]
[EventCountry "URU"]
[SourceTitle "playchess.com"]
[Source "ChessBase"]
[SourceQuality "1"]

{[%evp 9,36,8,11,-9,-2,-10,-2,-11,0,-20,1,0,28,22,20,4,54,18,37,20,0,4,22,14,12,0,12,0,49]} 1. e4 Nc6 2. d4 d5 3. e5 Bf5 4. Bb5 e6 5. Be3 (5. Ne2 Nge7 6. Ng3 Bg6 7. h4 h6 8. h5 Bh7 9. Nc3 Qd7 10. Be3 a6 11. Bd3 Bxd3 12. Qxd3 O-O-O {1-0 (48) Rotstein,J (2316)-Thiel,K (2181) Magdeburg 2016}) 5... Nge7 6. Ne2 $146 {B00: Queen's Fianchetto Defence, Nimzowitsch Defence} ({Predecessor:} 6. Nd2 a6 7. Ba4 b5 8. Bb3 Na5 9. c3 Bg6 10. f4 Nc4 11. Nxc4 dxc4 12. Bc2 Nd5 {1-0 (31) Ozimec,Z (1762)-Uran,E (1523) Rijeka 2014}) 6... a6 7. Ba4 b5 8. Bb3 Na5 9. Nbc3 Nec6 10. O-O Be7 11. Ng3 Bg6 12. f4 O-O 13. f5 (13. Nxd5 $5 exd5 14. f5 $14) 13... Nxb3 14. axb3 exf5 {The position is equal.} 15. Nxf5 Bg5 {[#] Threatens to win with ...Bxf5.} 16. Qd2 Bxe3+ 17. Qxe3 Qd7 18. g4 Nd8 {[%mdl 32768] Loss on time!?} 0-1

[Event "III Copa Marcel Duchamp 2019"]
[Site "Montevideo"]
[Date "2019.02.09"]
[Round "1.19"]
[White "Zapata Charles, Santiago"]
[Black "Miraballes Lopez, Andres"]
[Result "1-0"]
[WhiteElo "2300"]
[BlackElo "1694"]
[Annotator "TA"]
[PlyCount "59"]
[EventDate "2019.02.09"]
[EventType "swiss"]
[EventCountry "URU"]
[SourceTitle "playchess.com"]
[Source "ChessBase"]
[SourceQuality "1"]

{[%evp 10,59,23,9,56,0,0,0,0,0,0,0,0,-24,-22,-28,-11,-21,29,24,43,40,42,35,47,42,47,0,10,13,97,94,93,91,93,106,227,214,246,231,433,436,455,444,538,392,1023,482,654,672,1513,1446]} 1. e4 e5 2. Nf3 Nc6 3. Bc4 Bc5 4. c3 Nf6 5. d3 d6 6. Bb3 Be6 {C54: Giuoco Piano: 4 c3 Nf6, main lines with 5 d4 and 5 d3} (6... a5 7. Nbd2 O-O 8. Nf1 Be6 9. Ng3 h6 10. O-O Bxb3 11. axb3 d5 12. Qe2 Re8 13. Bd2 Bf8 14. Rfd1 {0-1 (96) Mamedov,R (2699)-Shankland,S (2722) Batumi 2018}) 7. Ba4 ({Better is} 7. Bxe6 $14 fxe6 8. b4) 7... O-O $11 8. O-O Ne7 {The position is equal.} 9. Re1 $146 ({Predecessor:} 9. d4 Bb6 10. Bc2 Ng6 11. a4 c6 12. Be3 h6 13. Nbd2 Nh7 14. Qe2 Qf6 15. a5 Bc7 {0-1 (49) Muzik,M (2195)-Sosna,J (2310) Czechia 1996}) 9... Ng6 10. Nbd2 c6 11. Nf1 Bb6 12. Ng3 h6 13. h3 Bc7 14. d4 Qc8 15. Bc2 Rd8 16. Bd2 Qd7 17. Qc1 Re8 18. Nf5 {And now Bxh6! would win.} Bxf5 19. exf5 Ne7 {[#]} (19... e4 $1 $11) 20. Bxh6 $1 $16 {[%mdl 512]} Nxf5 (20... gxh6 21. Qxh6) 21. Bg5 {Black must now prevent Bxf6.} Nh7 22. g4 Nxg5 (22... Ne7 $16) 23. Qxg5 $18 ({Inferior is} 23. Nxg5 Nh4 $11) 23... Nh6 {Now ...exd4 and Black clings on.} 24. dxe5 Bd8 $2 (24... dxe5 25. Rad1 Qe6) 25. Qf4 dxe5 26. Nxe5 Qc7 27. Nf3 {[%cal Re1e8] [#]} Qd7 $2 (27... Re7 28. Rxe7 Qxe7) 28. Rxe8+ {White is clearly winning.} Qxe8 29. Re1 {[%cal Re1e8]} Qd7 30. Qd4 {Accuracy: White = 62%, Black = 34%.} 1-0

[Event "III Copa Marcel Duchamp 2019"]
[Site "Montevideo"]
[Date "2019.02.09"]
[Round "1.20"]
[White "Moratorio, Alberto"]
[Black "Coro, Lucas"]
[Result "*"]
[WhiteElo "1694"]
[BlackElo "2284"]
[Annotator "TA"]
[PlyCount "24"]
[EventDate "2019.02.09"]
[EventType "swiss"]
[EventCountry "URU"]
[SourceTitle "playchess.com"]
[Source "ChessBase"]
[SourceQuality "1"]

{[%evp 8,8,9]} 1. d4 Nf6 2. Bf4 c5 3. c4 d5 4. Nc3 e6 {Predecessor:} 5. e3 $146 cxd4 6. exd4 Bb4 7. Nf3 O-O 8. Bd3 dxc4 9. Bxc4 Nd5 10. Bd2 Nc6 11. a3 Be7 12. Be3 Qa5 {½-½ (38) Vitiugov,N (2742)-Zvjaginsev,V (2659) St Petersburg 2014} *

[Event "III Copa Marcel Duchamp 2019"]
[Site "Montevideo"]
[Date "2019.02.09"]
[Round "1.20"]
[White "Moratorio, Alberto"]
[Black "Coro, Lucas"]
[Result "0-1"]
[WhiteElo "1694"]
[BlackElo "2284"]
[Annotator "TA"]
[PlyCount "48"]
[EventDate "2019.02.09"]
[EventType "swiss"]
[EventCountry "URU"]
[SourceTitle "playchess.com"]
[Source "ChessBase"]
[SourceQuality "1"]

{[%evp 9,48,-26,-32,-12,-16,-44,-21,-46,-57,-73,-83,-91,-91,-92,-101,-101,-96,-101,-99,-93,-86,-93,-87,-113,-116,-114,-110,-155,-124,-122,-108,-166,-165,-208,-216,-256,-255,-303,-304,-289,-290]} 1. d4 Nf6 2. Bf4 c5 3. c3 Qb6 4. Qb3 Qxb3 5. axb3 cxd4 6. cxd4 {A45: Trompowsky Attack} Nc6 7. e3 e6 8. Nf3 {The position is equal.} Bb4+ 9. Nc3 $146 ({Predecessor:} 9. Nbd2 d5 10. Bd3 Bd7 11. Ke2 Nh5 12. Bg3 Nxg3+ 13. hxg3 Ke7 {0-1 (57) Pakleza,Z (2468)-Vorobiov,E (2586) Sitges 2012}) 9... Nd5 10. Rc1 Nxf4 11. exf4 Na5 12. Nd2 d5 13. Bd3 Bd7 14. O-O O-O 15. Rfe1 Rac8 16. Re3 Rc7 17. Bc2 Rfc8 18. Bd1 a6 19. Nf3 Nc6 20. Kf1 (20. f5 $17) 20... Ne7 $19 21. Bc2 Bd6 22. g3 {[#]} b5 $1 {[%cal Bb7b5,Bb5b4][%mdl 32] Black has a decisive advantage.} 23. Ne5 Bxe5 24. fxe5 b4 {Accuracy: White = 43%, Black = 85%.} 0-1

[Event "III Copa Marcel Duchamp 2019"]
[Site "Montevideo"]
[Date "2019.02.09"]
[Round "1.21"]
[White "Larrea, Manuel"]
[Black "Moreno, Nelson"]
[Result "1-0"]
[WhiteElo "2269"]
[BlackElo "1682"]
[Annotator "TA"]
[PlyCount "39"]
[EventDate "2019.02.09"]
[EventType "swiss"]
[EventCountry "URU"]
[SourceTitle "playchess.com"]
[Source "ChessBase"]
[SourceQuality "1"]

{[%evp 14,39,32,33,66,65,71,30,81,0,117,131,119,120,142,141,236,226,292,287,291,285,296,299,376,380,368,366]} 1. e4 e5 2. Nf3 Nc6 3. Bc4 Nf6 4. Ng5 d5 5. exd5 Na5 6. Bb5+ c6 7. dxc6 bxc6 8. Bd3 Be7 {C58: Two Knights: 4 Ng5 d5 5 exd5 Na5 sidelines} (8... Nd5 9. Nf3 Bd6 10. O-O Nf4 11. Nc3 Nxd3 12. cxd3 O-O 13. Ne4 Ba6 14. Re1 Bc7 15. b4 Nb7 16. Bb2 {½-½ (112) Wang,H (2730)-Tari,A (2620) St Petersburg 2018}) 9. O-O O-O 10. Re1 Qc7 (10... Qb6 $11) 11. b3 (11. Nc3 $16) 11... c5 $146 (11... Ng4 $1 $11 {keeps the balance.} 12. Ne4 f5) ({Predecessor:} 11... Nb7 12. Bb2 Ng4 13. Nf3 Bc5 14. Re2 Re8 15. Nc3 f5 16. h3 {1-0 (27) Medrano,R (2065)-Lopez Saavedra,J (1672) Managua 2017}) 12. Bb2 $16 Nc6 13. Na3 h6 14. Nf3 Ng4 (14... Bg4 $16 {was worth a try.} 15. h3 e4) 15. Nc4 $18 f5 16. Ncxe5 Ncxe5 17. Nxe5 ({Don't do} 17. Bxe5 Nxe5 18. Nxe5 Bd6 $18) 17... Bf6 {[%cal Rg4e5]} 18. Qf3 Nxe5 19. Bxe5 Bxe5 20. Qd5+ {[%mdl 64] Double Attack. Accuracy: White = 83%, Black = 24%.} ({Less strong is} 20. Qxa8 Bxa1 21. Qd5+ (21. Rxa1 Be6 $18) 21... Kh7 $18) 1-0

[Event "III Copa Marcel Duchamp 2019"]
[Site "Montevideo"]
[Date "2019.02.09"]
[Round "1.22"]
[White "Pelaez, Diego"]
[Black "Carbone, Diego"]
[Result "0-1"]
[WhiteElo "1672"]
[BlackElo "2256"]
[Annotator "TA"]
[PlyCount "56"]
[EventDate "2019.02.09"]
[EventType "swiss"]
[EventCountry "URU"]
[SourceTitle "playchess.com"]
[Source "ChessBase"]
[SourceQuality "1"]

{[%evp 22,56,20,2,26,-29,-26,-42,0,0,41,0,0,-40,-49,-54,-54,-79,-67,-210,-222,-216,-217,-224,-213,-213,-219,-359,-316,-317,-223,-352,-341,-343,-328,-5422,-5422]} 1. d4 Nf6 2. c4 g6 3. Nc3 d5 4. cxd5 Nxd5 5. e4 Nxc3 6. bxc3 Bg7 7. Bc4 c5 8. Ne2 Nc6 9. Be3 O-O 10. O-O Na5 11. Bd3 b6 12. Qd2 e5 {[%cal Re5d4] D87: Exchange Grünfeld: Classical Line: Variations without ...cxd4} 13. d5 (13. Bg5 $142 f6 14. Be3) 13... f5 $11 {[#]} 14. Bh6 $146 ({Predecessor:} 14. Bg5 Qe8 15. f3 c4 16. Bc2 f4 17. Kh1 h6 18. Bh4 g5 19. Be1 Bd7 20. g3 {0-1 (48) Van Wely,L (2676)-Kamsky,G (2726) Dagomys 2008}) 14... fxe4 {Black is slightly better.} 15. Bxe4 Nc4 16. Qc1 Nd6 17. Bc2 Ba6 18. Bxg7 Kxg7 19. Re1 Qf6 $36 {[%mdl 2048] Black is more active.} 20. f3 {[#]} ({White should try} 20. Qe3 $15) 20... e4 $1 $19 {[%mdl 512]} 21. f4 (21. Bxe4 Nxe4) 21... Bxe2 22. Rxe2 Qxc3 23. g3 Rae8 24. Qd1 (24. Qe1 $142 Qd4+ 25. Kg2) 24... Qd4+ 25. Kg2 Nf5 26. Qe1 (26. Ba4 {might work better.}) 26... Qxd5 27. Rd1 Nd4 {[#] ...e3+ is the strong threat.} ({Don't take} 27... Qxa2 28. Bxe4 Qe6 29. Bf3 $19) 28. Bxe4 $2 (28. Bb3 $1 {[%mdl 512]} Qf5 (28... Nxb3 29. Rxd5) 29. Re3) 28... Rxe4 {Precision: White = 17%, Black = 76%.} 0-1

[Event "III Copa Marcel Duchamp 2019"]
[Site "Montevideo"]
[Date "2019.02.09"]
[Round "1.23"]
[White "Muniz, Rafael"]
[Black "Bon, Charles"]
[Result "1-0"]
[WhiteElo "2250"]
[BlackElo "1666"]
[Annotator "TA"]
[PlyCount "63"]
[EventDate "2019.02.09"]
[EventType "swiss"]
[EventCountry "URU"]
[SourceTitle "playchess.com"]
[Source "ChessBase"]
[SourceQuality "1"]

{[%evp 14,63,14,4,34,29,33,18,52,48,68,68,76,29,49,44,58,59,150,138,147,134,160,145,313,327,298,316,317,313,313,285,323,351,427,422,432,424,408,417,468,459,505,444,439,448,515,501,642,632,782,749]} 1. e4 c5 2. Nf3 d6 3. d4 cxd4 4. Nxd4 Nf6 5. Nc3 a6 6. g3 e5 7. Nde2 Be7 8. Bg2 Nc6 {B91: Sicilian Najdorf: 6 g3} (8... O-O 9. O-O b5 10. Nd5 Nbd7 11. Nec3 Nb6 12. Nxf6+ Bxf6 13. b3 Be6 14. Ba3 Qc7 15. Qd3 Rfc8 16. Bb4 a5 17. Nxb5 Qxc2 18. Qxc2 Rxc2 19. Bxd6 {½-½ (73) Vachier Lagrave,M (2778)-Wojtaszek,R (2749) Shenzhen 2018}) 9. h3 O-O 10. Be3 Be6 {The position is equal.} 11. Nd5 Bxd5 12. exd5 Nb8 13. c4 $146 ({Predecessor:} 13. Qd2 Nbd7 14. g4 Nb6 15. b3 Nfd7 16. Ng3 g6 {0-1 (46) Hoolt,S (2298)-Kazimova,N (2148) Gaziantep 2008}) 13... Nbd7 14. O-O Rc8 15. Rc1 Nc5 (15... Re8 $14) 16. b4 $16 Ncd7 {[#]} 17. c5 $1 {[%mdl 512]} Nb8 (17... dxc5 18. d6) 18. Qd2 dxc5 $2 (18... h5 $16 19. Rfd1 Re8) 19. bxc5 $18 Qd7 20. Rfd1 Rfe8 21. g4 h6 22. Ng3 Bf8 23. Qb2 Qb5 24. Qxb5 axb5 25. d6 e4 26. Rb1 b6 27. cxb6 {[%cal Bc5b6,Bb6b7][%mdl 32] White is clearly winning.} Rc6 28. Rxb5 Bxd6 29. Nf5 Bf8 30. a4 Nbd7 31. b7 Bc5 32. Rc1 {Accuracy: White = 88%, Black = 30%.} 1-0